38th Meeting of Departments of Fluid Mechanics and Thermomechanics : International Conference, 19. - 21. 6. 2019, Demänovská Dolina, SR : Proceedings of Abstracts

Saved in:
Bibliographic Details
Corporate Author: Meeting of Departments of Fluid Mechanics and Thermomechanics Demänovská Dolina, SR
Format: Conference Proceeding Book
Published: Košice TU 2019
Edition:1. vyd.
Tags: Add Tag
No Tags, Be the first to tag this record!

MARC

LEADER 00000nam a22000003a 4500
001 0075147
003 SK-STU
005 20190816112201.1
007 ta
008 190702s ----xo-----e------100-0-----d
020 |a 978-80-553-3294-9 
040 |a STU  |b slo 
044 |a xo 
111 2 |a Meeting of Departments of Fluid Mechanics and Thermomechanics  |n 38th  |d 19. - 21. 6. 2019 :  |c Demänovská Dolina, SR 
245 1 0 |a 38th Meeting of Departments of Fluid Mechanics and Thermomechanics :  |b International Conference, 19. - 21. 6. 2019, Demänovská Dolina, SR : Proceedings of Abstracts 
250 |a 1. vyd. 
260 |b TU  |c 2019  |a Košice 
300 |a 56 s. 
996 |b 284M088195  |c M* Z-4452  |l MMKN  |s A  |a 24  |w 0075147_0001